=LDR 00000nam 2200000 4500 =001 INLIS000000000061745 =005 20221227105547 =035 ##$$a 0010-1122000126 =007 ta =008 221227###########################0###### =082 ##$$a 352.959 865 11 =084 ##$$a 352.959 865 11 KOT j =100 #$$a Kota Mataram. Sekertariat Daerah =245 1#$$a Jurnal kegiatan pimpinan Daerah Edisi IV (September-Desember 2020) =260 ##$$a Mataram :$b Bagian Protokol dan Komunikasi Pimpinan Setda Kota Mataram,$c 2021 =300 ##$$a V, 15 halaman : $b Ilustrasi ; $c 18 cm =650 #4$$a Pemerintah Daerah - Kota Mataram - Dalam Gambar =990 ##$$a 464/51/2022 =990 ##$$a 464/51/2022